00595nam a22001817a 450000500170000001000280001702000270004503500250007203700130009708200080011010000170011824500900013526000470022527000550027230000220032750000410034970000230039020230228163238.0 aENG-110617 ENG-136274 a9789350532423c900.00  aEN-94149 EN-119806 bDBAD/PUB a150 aDodiya, R.K. aEmotional psychology :cby R.K. Dodiya [and] Jignesh Tapariyabcurrent perspectives / aNew Delhi bCyber Tech Publications c2013 bNew Delhi a4264/3, Ansari Road, Daryaganje110002 av,256p.c23cm(Hb) aIncludes bibliographical references  aTapariya, Jignesh